000 nam a22 7a 4500
999 _c8274
_d8274
008 171213b xxu||||| |||| 00| 0 eng d
100 _94693
_aGOYAL.K ET AL
245 _aBARAK OBAMA,DREAMS COME
260 _aNEW DELHI
_bGBD BOOK
_c2017